Selected English Essays (Record no. 2914)

MARC details
000 -LEADER
fixed length control field 00352nam a2200133Ia 4500
008 - FIXED-LENGTH DATA ELEMENTS--GENERAL INFORMATION
fixed length control field 211109s9999||||xx |||||||||||||| ||und||
082 ## - DEWEY DECIMAL CLASSIFICATION NUMBER
Classification number 824
Item number -S
100 ## - MAIN ENTRY--PERSONAL NAME
Personal name No Author,
245 #0 - TITLE STATEMENT
Title Selected English Essays
260 ## - PUBLICATION, DISTRIBUTION, ETC.
Name of publisher, distributor, etc. G. M. Dent
Place of publication, distribution, etc. New York
Date of publication, distribution, etc. 1900
630 ## - SUBJECT ADDED ENTRY--UNIFORM TITLE
General subdivision General Stack
650 ## - SUBJECT ADDED ENTRY--TOPICAL TERM
Topical term or geographic name entry element English Literature
942 ## - ADDED ENTRY ELEMENTS (KOHA)
Koha item type BOOK
650 ## - SUBJECT ADDED ENTRY--TOPICAL TERM
Form subdivision English Essay
General subdivision English
Holdings
Withdrawn status Lost status Damaged status Not for loan Home library Current library Date acquired Total Checkouts Full call number Barcode Shelving location Date last seen Price effective from Koha item type
        SB LIBRARY SB LIBRARY 09/11/2021   824 -S 00003151 GENERAL STACK 09/11/2021 09/11/2021 BOOK

Powered by Koha